Our year's work ... across Delaware and Maryland.

Bibliographic Details
Previous Title:United States. Rural Development. Delaware & Maryland. Delaware & Maryland rural development.
Corporate Author: United States. Rural Development. Delaware & Maryland
Format: Government Document Serial
Language:English
Published: Dover, Del. : USDA, Rural Development.
Subjects:
Online Access:current issue only.

MARC

Tag First Indicator Second Indicator Subfields
LEADER 00000cas a2200000 a 4500
001 in00002359639
005 20211202184609.0
006 m |
007 cr |||||||||||
008 071004c19uu9999deu|| s f0 0eng d
010 |a  2007230527 
035 |a (OCoLC)ocn173666542 
040 |a GPO  |c GPO  |d MvI  |d UtOrBLW 
042 |a lcd 
043 |a n-us-de  |a n-us-md 
049 |a WWW 
074 |a 0034-B-08 (online) 
086 0 |a A 114.1/8: 
110 1 |a United States.  |b Rural Development.  |b Delaware & Maryland. 
245 1 0 |a Our year's work ... across Delaware and Maryland. 
264 1 |a Dover, Del. :  |b USDA, Rural Development. 
300 |a volumes :  |b digital, PDF file. 
310 |a Annual 
336 |a text  |b txt  |2 rdacontent 
337 |a computer  |b c  |2 rdamedia 
338 |a online resource  |b cr  |2 rdacarrier 
362 1 |a Began with issue 2006. 
538 |a Mode of access: Internet from the USDA Rural Development website (current issue only). Address as of 10/3/07: http://www.rurdev.usda.gov/de/ ; current access available via PURL. 
500 |a Description based on first issue; title from title screen (viewed Oct. 3, 2007). 
500 |a Electronic resource. 
650 0 |a Rural development projects  |z Delaware. 
650 0 |a Rural development projects  |z Maryland. 
780 0 0 |a United States. Rural Development. Delaware & Maryland.  |t Delaware & Maryland rural development.  |w (DLC) 2005230572  |w (OCoLC)61698215 
856 4 0 |3 current issue only.  |u https://purl.fdlp.gov/GPO/LPS86561  |t 0 
999 |a MARS 
999 f f |s 1ffa1f25-c775-3ea9-9512-1a76bb143a32  |i e41a34a2-64a8-36a2-abce-af67e24e3aa4  |t 0 
952 f f |a Texas A&M University  |b College Station  |c Electronic Resources  |d Available Online  |t 0  |e A 114.1/8:  |h Superintendent of Documents classification 
998 f f |a A 114.1/8:  |t 0  |l Available Online